A tribute to Hinduism : (Record no. 28303)

MARC details
000 -LEADER
fixed length control field 01184nam a22002894a 4500
005 - DATE AND TIME OF LATEST TRANSACTION
control field 20090716110134.0
008 - FIXED-LENGTH DATA ELEMENTS--GENERAL INFORMATION
fixed length control field 071121s2008 ii a b 001 0 eng
010 ## - LCCN (DPL NO)
LC control number ENG-94427
020 ## - INTERNATIONAL STANDARD BOOK NUMBER
International Standard Book Number 9788189920661
Terms of availability 895.00
035 ## - SYSTEM CONTROL NUMBER
System control number EN-77960
037 ## - SOURCE OF ACQUISITION
Source of stock number/acquisition DBAD / VEN
040 ## - CATALOGING SOURCE
Original cataloging agency dpl
Language of cataloging English
082 ## - DEWEY DECIMAL CLASSIFICATION NUMBER
Classification number 181.41
100 ## - MAIN ENTRY--PERSONAL NAME
Personal name Londhe, Sushama
245 ## - TITLE STATEMENT
Title A tribute to Hinduism :
Remainder of title thoughts and wisdom spanning continents and time about India and her culture /
Statement of responsibility, etc by Sushama Londhe
260 ## - PUBLICATION, DISTRIBUTION, ETC. (IMPRINT)
Place of publication, distribution, etc New Delhi
Name of publisher, distributor, etc Pragun Publication
Date of publication, distribution, etc 2008
270 ## - ADDRESS
Address 4221/1, Ansari Road, Daryaganj,
City New Delhi
Postal code 110002
300 ## - PHYSICAL DESCRIPTION
Extent xxxviii, 549p.
Other physical details col. ill. ;
Dimensions 23cm(Hb)
500 ## - GENERAL NOTE
General note Includes references and index.
650 ## - SUBJECT ADDED ENTRY--TOPICAL TERM
Topical term or geographic name as entry element Hinduism and culture.
650 ## - SUBJECT ADDED ENTRY--TOPICAL TERM
Topical term or geographic name as entry element Philosophy, Indic.
651 ## - SUBJECT ADDED ENTRY--GEOGRAPHIC NAME
Geographic name India
General subdivision Civilization.
942 ## - ADDED ENTRY ELEMENTS (KOHA)
Source of classification or shelving scheme Dewey Decimal Classification
Item type English Books
Call number suffix LON
Classification part 181.41
Holdings
Withdrawn status Lost status Source of classification or shelving scheme Damaged status Not for loan Collection code Home library Current library Date acquired Source of acquisition Cost, normal purchase price Total Checkouts Full call number Barcode Date last seen Copy number Cost, replacement price Koha item type
    Dewey Decimal Classification   Not For Loan Non-fiction D.B.Act.Division D.B.Act.Division 16/07/2009 DBAD / VEN 895.00   181.41 LON EN-77960 16/07/2009 1 895.00 English Books

© Delhi Public Library
Hit Counter
free hit counter